[Event "Rheinhausen-ch"]
[Site "Rheinhausen"]
[Date "2011.02.18"]
[Round "4"]
[White "Sadzio, Joerg"]
[Black "Ehlers, Fredi"]
[Result "0-1"]
[WhiteElo "1691"]
[BlackElo "1868"]
[PlyCount "58"]
[EventDate "2011.01.07"]
[EventType "swiss"]
[EventRounds "7"]
[EventCountry "GER"]
[SourceTitle "EXT 2015"]
[Source "ChessBase"]
[SourceDate "2014.11.20"]
[SourceVersion "1"]
[SourceVersionDate "2014.11.20"]
[SourceQuality "1"]

1. d4 f5 2. c4 Nf6 3. Nc3 e6 4. g3 Be7 5. Bg2 0-0 6. e3 c6 7. Nge2 Qb6 8. 0-0 d6 9. Qb3 Qxb3 10. axb3 Na6 11. e4 fxe4 12. Nxe4 Nxe4 13. Bxe4 Bf6 14. Be3 Nc7 15. Ra2 a6 16. Bf4 e5 17. dxe5 dxe5 18. Be3 Rd8 19. Bb6 Rd2 20. Nc1 Bh3 21. Re1 Ne6 22. Ne2 Be7 23. Ba5 Rd7 24. Raa1 Bc5 25. b4 Bd4 26. Rad1 Rf8 27. Nxd4 Nxd4 28. Bg2 Bg4 29. f3 Bxf3 0-1

[Event "Rheinhausen-ch"]
[Site "Rheinhausen"]
[Date "2011.01.08"]
[Round "1"]
[White "Klees, Robert"]
[Black "Sadzio, Joerg"]
[Result "0-1"]
[WhiteElo "1346"]
[BlackElo "1691"]
[PlyCount "48"]
[EventDate "2011.01.07"]
[EventType "swiss"]
[EventRounds "7"]
[EventCountry "GER"]
[SourceTitle "EXT 2015"]
[Source "ChessBase"]
[SourceDate "2014.11.20"]
[SourceVersion "1"]
[SourceVersionDate "2014.11.20"]
[SourceQuality "1"]

1. d4 Nf6 2. c4 e6 3. Nf3 Bb4+ 4. Bd2 Qe7 5. a3 Bxd2+ 6. Qxd2 d6 7. Nc3 0-0 8. e3 e5 9. dxe5 dxe5 10. Qc2 e4 11. Nd2 Bf5 12. Be2 Nbd7 13. b4 a5 14. 0-0 Qe5 15. Nb3 Bg4 16. Bxg4 Nxg4 17. g3 Qh5 18. f4 Nxe3 19. Qxe4 Nxf1 20. Rxf1 axb4 21. axb4 Nf6 22. Qg2 Ra3 23. Rb1 Qf5 24. Nd4 Qd3 0-1

[Event "Rheinhausen-ch 14th"]
[Site "Duisburg Rheinhausen"]
[Date "2010.03.12"]
[Round "6"]
[White "Klasmeier, Hartmut"]
[Black "Sadzio, Joerg"]
[Result "1-0"]
[WhiteElo "1919"]
[BlackElo "1683"]
[PlyCount "112"]
[EventDate "2010.01.08"]
[EventType "swiss"]
[EventRounds "7"]
[EventCountry "GER"]
[SourceTitle "EXT 2018"]
[Source "ChessBase"]
[SourceDate "2017.10.13"]
[SourceVersion "1"]
[SourceVersionDate "2017.10.13"]
[SourceQuality "1"]

1. Nc3 d5 2. e3 c5 3. Nf3 Nf6 4. d4 e6 5. Be2 Be7 6. 0-0 0-0 7. Ne5 Nc6 8. f4 cxd4 9. exd4 Qb6 10. Nxc6 bxc6 11. Kh1 Ba6 12. Rf3 Bxe2 13. Nxe2 Bd6 14. c3 a5 15. Qe1 Ne4 16. g4 f5 17. g5 g6 18. Kg2 Kf7 19. Rb1 Qd8 20. Rh3 Rh8 21. Qd1 Qb6 22. Be3 Bf8 23. c4 Ra7 24. c5 Qa6 25. Nc1 Rb7 26. Nd3 Bg7 27. Qc2 Qc4 28. Qd1 Qxa2 29. Ra1 Qb3 30. Qxb3 Rxb3 31. Bg1 Rb5 32. b4 axb4 33. Ra7+ Kg8 34. Nc1 Nc3 35. Nb3 Rb8 36. Rd3 h6 37. h4 hxg5 38. hxg5 Ne2 39. Kf3 Nxg1+ 40. Kf2 Nh3+ 41. Kg3 Rh5 42. Re3 Nxf4 43. Kxf4 Rh4+ 44. Kf3 Rh3+ 45. Kf4 e5+ 46. dxe5 Rxe3 47. Kxe3 Bxe5 48. Re7 Bh2 49. Re6 Kf7 50. Rxc6 Re8+ 51. Kd4 Rd8 52. Rf6+ Kg7 53. Rb6 Bf4 54. Rxb4 Bxg5 55. c6 Bf6+ 56. Kd3 Rc8 1-0

[Event "Rheinhausen-ch 14th"]
[Site "Duisburg Rheinhausen"]
[Date "2010.02.05"]
[Round "3"]
[White "Sadzio, Joerg"]
[Black "Roeder, Regina"]
[Result "1-0"]
[WhiteElo "1683"]
[BlackElo "1515"]
[PlyCount "91"]
[EventDate "2010.01.08"]
[EventType "swiss"]
[EventRounds "7"]
[EventCountry "GER"]
[SourceTitle "EXT 2018"]
[Source "ChessBase"]
[SourceDate "2017.10.13"]
[SourceVersion "1"]
[SourceVersionDate "2017.10.13"]
[SourceQuality "1"]

1. Nf3 d5 2. g3 Nf6 3. Bg2 e6 4. c4 c6 5. 0-0 Nbd7 6. d3 g6 7. Re1 Bg7 8. Nbd2 0-0 9. Rb1 c5 10. cxd5 exd5 11. b4 b6 12. Ba3 Re8 13. Qc2 Bf8 14. Rec1 Rxe2 15. Qd1 Re8 16. bxc5 Nxc5 17. d4 Nd3 18. Rc3 Ba6 19. Bxf8 Kxf8 20. Bf1 Ne4 21. Rxd3 Bxd3 22. Bxd3 Nc3 23. Qb3 Nxb1 24. Nxb1 Qd6 25. Nc3 Red8 26. Ne5 a6 27. Ne4 Qc7 28. Nf6 Kg7 29. Nxd5 Qd6 30. Nxb6 Qxd4 31. Qxf7+ Kh6 32. Qf4+ Qxf4 33. gxf4 Rxd3 34. Nxd3 Rd8 35. Nc5 Rd2 36. Nxa6 Rxa2 37. Nb4 Rb2 38. N6d5 Rb3 39. Kg2 Kg7 40. f3 h6 41. Kg3 Kf7 42. h4 Ke6 43. Kg4 h5+ 44. Kg5 Kf7 45. Nc6 Rxf3 46. Ne5+ 1-0

[Event "Rheinhausen-ch 14th"]
[Site "Duisburg Rheinhausen"]
[Date "2010.01.08"]
[Round "1"]
[White "Sadzio, Joerg"]
[Black "Palmowski, Sascha"]
[Result "1-0"]
[WhiteElo "1683"]
[BlackElo "1202"]
[PlyCount "55"]
[EventDate "2010.01.08"]
[EventType "swiss"]
[EventRounds "7"]
[EventCountry "GER"]
[SourceTitle "EXT 2018"]
[Source "ChessBase"]
[SourceDate "2017.10.13"]
[SourceVersion "1"]
[SourceVersionDate "2017.10.13"]
[SourceQuality "1"]

1. Nf3 d5 2. d4 Nf6 3. g3 Nc6 4. Bg2 Bf5 5. a3 g6 6. c4 dxc4 7. Qa4 Bg7 8. Ne5 Bd7 9. Bxc6 bxc6 10. Qxc4 0-0 11. Nxd7 Qxd7 12. e3 Qd5 13. Qxd5 cxd5 14. Nc3 c6 15. Bd2 Ne4 16. Nxe4 dxe4 17. Bb4 Rfe8 18. Rc1 Rac8 19. Bc5 Rb8 20. b4 Rb7 21. Ke2 e5 22. Rhd1 Rd8 23. dxe5 Rd5 24. Rxd5 cxd5 25. Bd6 Bf8 26. Rc8 h5 27. Rxf8+ Kg7 28. Ra8 1-0

[Event "Rheinhausen-ch 13th"]
[Site "Duisburg Rheinhausen"]
[Date "2009.03.27"]
[Round "7"]
[White "Sadzio, Joerg"]
[Black "Stermann, Sebastian"]
[Result "1-0"]
[WhiteElo "1640"]
[BlackElo "1435"]
[PlyCount "39"]
[EventDate "2009.01.09"]
[EventType "swiss"]
[EventRounds "7"]
[EventCountry "GER"]
[SourceTitle "EXT 2018"]
[Source "ChessBase"]
[SourceDate "2017.10.13"]
[SourceVersion "1"]
[SourceVersionDate "2017.10.13"]
[SourceQuality "1"]

1. c4 Nf6 2. Nc3 g6 3. g3 Bg7 4. Bg2 d6 5. d3 c6 6. Nf3 0-0 7. Bd2 e5 8. Rb1 Be6 9. Ng5 Qe7 10. Nxe6 fxe6 11. h3 d5 12. 0-0 Nbd7 13. b4 Ne8 14. Qc2 Nd6 15. b5 Nf5 16. e3 Nc5 17. bxc6 bxc6 18. Rb2 Rf6 19. cxd5 exd5 20. Nxd5 1-0

[Event "Rheinhausen-ch 13th"]
[Site "Duisburg Rheinhausen"]
[Date "2009.01.30"]
[Round "3"]
[White "Sadzio, Joerg"]
[Black "Schnelle, Lukas"]
[Result "0-1"]
[WhiteElo "1640"]
[BlackElo "1844"]
[PlyCount "64"]
[EventDate "2009.01.09"]
[EventType "swiss"]
[EventRounds "7"]
[EventCountry "GER"]
[SourceTitle "EXT 2018"]
[Source "ChessBase"]
[SourceDate "2017.10.13"]
[SourceVersion "1"]
[SourceVersionDate "2017.10.13"]
[SourceQuality "1"]

1. c4 Nc6 2. Nc3 e5 3. g3 f5 4. e4 Nf6 5. d3 Bc5 6. Bg5 0-0 7. Qd2 fxe4 8. dxe4 d6 9. 0-0-0 Be6 10. Bd3 Qd7 11. Bxf6 Rxf6 12. f4 exf4 13. gxf4 Qf7 14. Nf3 h6 15. Nd5 Bxd5 16. cxd5 Nb4 17. f5 Nxa2+ 18. Kb1 Nb4 19. Bc4 Qe8 20. Qe2 a5 21. Nd4 Bxd4 22. Rxd4 Qe5 23. Qd2 Kh8 24. Rg1 c5 25. Qg2 Rxf5 26. Rdd1 Rg5 27. Qe2 Rxg1 28. Rxg1 Re8 29. Rg4 Rf8 30. Rg6 Qd4 31. Rg2 Rf4 32. Rg4 Rf2 0-1

[Event "Rheinhausen-ch 13th"]
[Site "Duisburg Rheinhausen"]
[Date "2009.01.16"]
[Round "2"]
[White "Pusch, Thomas"]
[Black "Sadzio, Joerg"]
[Result "1/2-1/2"]
[WhiteElo "1873"]
[BlackElo "1640"]
[PlyCount "40"]
[EventDate "2009.01.09"]
[EventType "swiss"]
[EventRounds "7"]
[EventCountry "GER"]
[SourceTitle "EXT 2018"]
[Source "ChessBase"]
[SourceDate "2017.10.13"]
[SourceVersion "1"]
[SourceVersionDate "2017.10.13"]
[SourceQuality "1"]

1. d4 Nf6 2. c4 e6 3. Nf3 Bb4+ 4. Bd2 Qe7 5. a3 Bxd2+ 6. Qxd2 d6 7. Nc3 0-0 8. e3 e5 9. Qc2 e4 10. Nd2 Bf5 11. Be2 c6 12. 0-0 Nbd7 13. b4 d5 14. c5 Ng4 15. b5 Qg5 16. Bxg4 Bxg4 17. Kh1 f5 18. Qb3 Kh8 19. bxc6 bxc6 20. Rae1 Nf6 1/2-1/2

[Event "Rheinhausen-ch 11th"]
[Site "Duisburg Rheinhausen"]
[Date "2007.02.09"]
[Round "3"]
[White "Sadzio, Joerg"]
[Black "Schumacher, Timo"]
[Result "1-0"]
[WhiteElo "1631"]
[BlackElo "1002"]
[PlyCount "41"]
[EventDate "2007.01.12"]
[EventType "swiss"]
[EventRounds "7"]
[EventCountry "GER"]
[SourceTitle "EXT 2018"]
[Source "ChessBase"]
[SourceDate "2017.10.13"]
[SourceVersion "1"]
[SourceVersionDate "2017.10.13"]
[SourceQuality "1"]

1. d4 d5 2. Nf3 e6 3. e3 Nf6 4. Bd3 Nbd7 5. 0-0 c5 6. c3 Be7 7. Nbd2 0-0 8. Re1 b6 9. e4 Bb7 10. e5 Ne8 11. Nf1 c4 12. Bc2 f5 13. exf6 Ndxf6 14. Rxe6 Ne4 15. Bxe4 dxe4 16. Ne5 Bd5 17. Nc6 Bxc6 18. Rxc6 Nd6 19. Bg5 Nf5 20. Bxe7 Qxe7 21. Qg4 1-0

[Event "Rheinhausen-ch 11th"]
[Site "Duisburg Rheinhausen"]
[Date "2007.01.12"]
[Round "1"]
[White "Sadzio, Joerg"]
[Black "Wilms, Josef"]
[Result "1-0"]
[WhiteElo "1631"]
[BlackElo "1175"]
[PlyCount "51"]
[EventDate "2007.01.12"]
[EventType "swiss"]
[EventRounds "7"]
[EventCountry "GER"]
[SourceTitle "EXT 2018"]
[Source "ChessBase"]
[SourceDate "2017.10.13"]
[SourceVersion "1"]
[SourceVersionDate "2017.10.13"]
[SourceQuality "1"]

1. d4 g6 2. Nf3 Bg7 3. c3 Nf6 4. Bg5 d5 5. Nbd2 Bf5 6. Nh4 Ne4 7. Nxf5 gxf5 8. Nxe4 fxe4 9. Qb3 b6 10. e3 c6 11. c4 Qc7 12. cxd5 Rg8 13. dxc6 Bxd4 14. Bf4 Be5 15. Bxe5 Qxe5 16. Qb5 Qc7 17. Qd5 Rg6 18. Bc4 Re6 19. Qf5 Rxc6 20. Qxf7+ Kd7 21. Bb5 Kc8 22. Bxc6 Nxc6 23. 0-0 Kb7 24. Qxh7 Rd8 25. Qxe4 Rd2 26. b3 1-0

[Event "Rheinhausen-ch 10th"]
[Site "Duisburg Rheinhausen"]
[Date "2006.01.20"]
[Round "2.10"]
[White "Sadzio, Joerg"]
[Black "Ehrentraut, Andreas"]
[Result "1/2-1/2"]
[WhiteElo "1647"]
[BlackElo "1782"]
[PlyCount "36"]
[EventDate "2006.01.06"]
[EventType "swiss"]
[EventRounds "7"]
[EventCountry "GER"]
[SourceTitle "EXT 2007"]
[Source "ChessBase"]
[SourceDate "2006.11.23"]
[SourceVersion "1"]
[SourceVersionDate "2006.11.23"]
[SourceQuality "1"]

1. d4 c5 2. e3 d5 3. Nf3 Nc6 4. c3 Bg4 5. Nbd2 e6 6. Bd3 c4 7. Bc2 f5 8. h3 Bh5 9. g4 fxg4 10. hxg4 Bxg4 11. Rxh7 Rxh7 12. Bg6+ Kd7 13. Bxh7 Nf6 14. Bg6 Bd6 15. b3 b5 16. bxc4 dxc4 17. Qc2 Qb6 18. Rb1 Bxf3 1/2-1/2